[Event "100 years Romania 2018"]
[Site "Alba Iulia"]
[Date "2018.11.17"]
[Round "8"]
[White "Nester, Ihor"]
[Black "Marin, Mihail"]
[Result "1-0"]
[WhiteElo "2323"]
[BlackElo "2555"]
[Annotator "TA"]
[PlyCount "69"]
[EventDate "2018.11.12"]
[EventType "swiss"]
[EventCountry "ROU"]
[SourceTitle "playchess.com"]
[Source "ChessBase"]
[SourceQuality "1"]

{[%evp 15,69,38,60,37,40,25,35,46,47,-10,15,16,29,38,48,48,44,31,114,104,138,150,147,136,252,245,373,382,470,416,399,396,337,150,163,135,220,144,225,214,346,340,997,559,425,592,577,567,554,561,497,517,1138,1138,1138,1105]} 1. Nf3 g6 2. c4 Bg7 3. d4 f5 4. g3 Nf6 5. Bg2 O-O 6. b3 d6 7. Bb2 Qe8 8. O-O Na6 {LiveBook: 218 Games} 9. Qc1 {A87: Dutch Defence: Leningrad System: 5 Nf3} (9. Nbd2 Rb8 10. Qc2 c5 11. Rad1 Bd7 12. Rfe1 b5 13. cxb5 Bxb5 14. a4 Nb4 15. Qc1 Ba6 16. dxc5 Rc8 17. Qc3 dxc5 {½-½ (33) Hracek,Z (2635)-Bologan,V (2672) Tromsoe 2013}) 9... Bd7 $146 ({Predecessor:} 9... h6 10. Nbd2 g5 11. a3 c6 12. Qc2 Bd7 13. e4 f4 14. gxf4 Nh5 15. f5 e6 16. fxe6 Qxe6 {0-1 (38) Johansen,D (2354)-Ikeda,J (2415) Canberra 2018}) 10. Nc3 c6 11. Re1 {White is slightly better.} b5 {[%cal Bb7b5,Bb5b4][%mdl 32]} 12. a4 ({White should try} 12. cxb5 $14 cxb5 13. Ng5) 12... b4 13. Nb1 Ne4 14. Nbd2 Rd8 15. Nxe4 fxe4 16. Ng5 e5 ({Black should play} 16... d5 $14) 17. dxe5 $16 d5 18. cxd5 cxd5 19. f4 exf3 (19... Bf5 $16 {was necessary.} 20. Rd1 h6) 20. exf3 $18 ({Much less strong is} 20. Bxf3 $6 Bc8 $16) 20... h6 (20... Bf5 $142 21. g4 Be6) 21. e6 Rc8 22. exd7 Qxd7 23. Qb1 Bxb2 24. Qxb2 ({Not} 24. Qxg6+ Qg7 $14) (24. Bh3 $18 {has better winning chances.} Qg7 25. Ne6) 24... hxg5 $16 25. Rad1 Qd6 (25... Rc3 $16) 26. Qd2 Rcd8 (26... Rc3 $16 {might work better.}) 27. Qxg5 $18 d4 (27... Rf5 $142 28. Qh4 Qb6+ 29. Kh1 Qf6) 28. Bf1 {[#] Hoping for Bc4+.} Rfe8 $2 (28... d3 29. Bxd3 Qc5+ 30. Qxc5 Nxc5) 29. Bc4+ {White is clearly winning.} Kg7 30. Bxa6 Qxa6 31. Re7+ Kg8 32. Rde1 Rxe7 33. Rxe7 {[#] Qe5 would kill now.} Qd6 (33... Qc6 $142 34. Qh4 Qc1+ 35. Kf2 Qc2+ 36. Re2 Qc8) 34. Qh4 {White wants to mate with Qh7+.} Kf8 35. Rxa7 {Precision: White = 61%, Black = 22%.} 1-0

[Event "100 years Romania 2018"]
[Site "Alba Iulia"]
[Date "2018.11.18"]
[Round "9"]
[White "Svetushkin, Dmitry"]
[Black "Filip, Lucian-Ioan"]
[Result "1-0"]
[WhiteElo "2605"]
[BlackElo "2432"]
[Annotator "TA"]
[PlyCount "137"]
[EventDate "2018.11.12"]
[EventType "swiss"]
[EventCountry "ROU"]
[SourceTitle "playchess.com"]
[Source "ChessBase"]
[SourceQuality "1"]

{[%evp 14,137,31,29,17,11,13,23,32,19,57,25,38,47,32,44,50,49,43,-23,26,31,25,27,37,0,24,4,67,0,0,-40,0,0,0,0,0,0,32,27,96,96,88,117,165,167,162,158,138,31,28,1,1,8,19,12,16,26,10,21,69,69,51,0,74,72,105,101,117,105,110,73,121,129,203,198,185,77,170,166,145,146,156,151,147,110,229,196,173,193,261,251,266,264,298,297,288,287,281,284,284,284,277,273,256,254,253,169,250,247,333,289,822,781,1010,682,2256,1960,1287,981,29976,29979,29969,29970,5128,5121]} 1. e4 c5 2. Nf3 Nc6 3. d4 cxd4 4. Nxd4 e6 5. Nc3 Qc7 6. Be3 a6 7. Qd2 Nf6 8. O-O-O Be7 {B48: Sicilian: Taimanov: 5 Nc3 Qc7 6 Be3 a6 without Be2} 9. f3 b5 10. Kb1 Nxd4 {White has an edge.} 11. Bxd4 Bb7 12. Qg5 (12. e5 $5 {[%cal Re5f6]} Nd5 13. Bd3 $14) 12... b4 13. Na4 (13. Qxg7 $2 Rg8 $17) (13. Be5 $2 d6 $19) 13... O-O 14. Nb6 Rae8 15. Qg3 d6 $1 {[#]} 16. Qf2 $146 ({White should try} 16. h4 $14) ({Predecessor:} 16. Nc4) 16... d5 17. e5 Nd7 18. Nxd7 Qxd7 19. Bd3 a5 20. f4 f6 (20... Ra8 $11) 21. Qh4 (21. h4 $14) 21... f5 $11 22. Qh3 Bc6 23. g4 {Hoping for Rhg1.} Bb5 24. Rhg1 {Threatens to win with gxf5.} Bxd3 25. Rxd3 fxg4 26. Rxg4 Rf5 (26... Bd8 $11 {keeps the balance.}) 27. Qh6 $1 $16 {[%csl Gg4][%cal Rh6g7]} Bd8 28. Rdg3 {[%cal Rg4g7]} Re7 29. Rh3 $1 g5 30. Rxg5+ Rxg5 31. fxg5 (31. Qxg5+ $16 Rg7 32. Qh6) 31... Rg7 $14 32. Rg3 {next g6 is good for White.} Qf7 $1 {[%cal Rf7f1]} 33. b3 Qf5 {[%cal Rd8g5]} 34. Qh5 {Black must now prevent Qe8+.} Rc7 35. Qe2 $36 {[%mdl 2048] White has the initiative.} Rf7 36. Rg1 Qe4 37. Qxe4 dxe4 {[%mdl 4096] Endgame KRB-KRB} 38. Kc1 (38. c4 $14) 38... Rd7 (38... Rf3 $11 {remains equal.}) 39. Be3 $16 Rd5 40. Rg4 Rxe5 41. h4 {[%cal Bh2h4,Bh4h5,Bh5h6,Bh6h7][%mdl 32]} Kf7 42. Bd4 Rf5 43. Rxe4 h6 (43... Bc7 $16 44. Kd2 e5) 44. gxh6 $18 Rh5 45. Re5 (45. Bg7 $1 $18 {is more deadly.}) 45... Rxh6 (45... Rxh4 $16 {was called for.} 46. Be3 Kf6) 46. h5 Rf6 47. Rb5 Rf1+ 48. Kd2 {Strongly threatening Rb7+.} Rh1 49. Be3 Bf6 (49... Rh3 $16 {is a better defense.}) 50. Rb7+ Kg8 {[#]} 51. h6 $1 Rh2+ (51... Ra1 $142 52. Rb8+ Kh7) 52. Kd3 Rh3 53. Ra7 Rh5 54. h7+ Kh8 55. Bb6 Rd5+ 56. Kc4 Rd2 57. Rf7 (57. Rxa5 $6 Rxc2+ 58. Kb5 Bc3 $18) 57... Bg7 58. Kb5 ({Not} 58. Bxa5 Rxc2+ 59. Kxb4 Rxa2 $14) 58... Rxc2 {[#]} 59. Rf2 $1 {[%cal Rf2c2]} ({Less strong is} 59. Kxa5 Rxa2+ 60. Kxb4 Re2 $14) 59... Rc8 60. Rh2 ({Much less strong is} 60. Kxa5 $6 Bc3 $16) 60... Bc3 (60... Rb8 $142) 61. Bxa5 e5 62. Rh4 Ra8 $2 (62... Rb8+ 63. Kc5 Be1) 63. a4 Rb8+ 64. Kc6 Be1 65. Rh5 Rc8+ 66. Kd7 Rc3 67. Bd8 {[%cal Rd8f6]} Rd3+ 68. Ke8 {[%cal Rd8f6]} Rf3 69. Rh6 {Accuracy: White = 72%, Black = 46%.} 1-0

[Event "100 years Romania 2018"]
[Site "Alba Iulia"]
[Date "2018.11.18"]
[Round "9"]
[White "Istratescu, Andrei"]
[Black "Visakh N R"]
[Result "1/2-1/2"]
[WhiteElo "2565"]
[BlackElo "2489"]
[Annotator "TA"]
[PlyCount "44"]
[EventDate "2018.11.12"]
[EventType "swiss"]
[EventCountry "ROU"]
[SourceTitle "playchess.com"]
[Source "ChessBase"]
[SourceQuality "1"]

{[%evp 26,44,6,8,26,12,19,18,17,-3,21,7,22,-8,-14,-9,-10,-21,-15,-16,-10]} 1. d4 Nf6 2. c4 e6 3. Nf3 d5 4. g3 Bb4+ 5. Bd2 Bd6 6. Bg2 c6 7. Qc2 O-O 8. O-O Nbd7 9. Bg5 h6 10. Bxf6 Nxf6 11. Nbd2 b6 {E01: Catalan: Early deviations} 12. e4 Be7 13. Rfd1 Bb7 14. Rac1 {LiveBook: 6 Games} dxc4 (14... Rc8 15. Ne5 dxc4 16. Ndxc4 b5 17. Qb3 a6 18. Ne3 Nd7 19. N3g4 Nxe5 20. Nxe5 {0-1 (59) Moroni,L (2559)-Wojtaszek,R (2738) Batumi 2018}) 15. Nxc4 Rc8 $146 {The position is equal.} ({Predecessor:} 15... b5 16. Ncd2 a5 17. e5 Nd7 18. Ne4 Qb8 19. Qc3 {1-0 (42) Vidit,S (2492)-Nezad,H (2398) Paris 2010}) 16. a3 b5 17. Ne3 a5 18. Ne5 Qb6 19. Qe2 Rfd8 20. d5 cxd5 {[#] Hoping for ...Rxc1.} 21. Rxc8 $1 Bxc8 22. exd5 Bc5 1/2-1/2

[Event "100 years Romania 2018"]
[Site "Alba Iulia"]
[Date "2018.11.18"]
[Round "9"]
[White "Fedorov, Alexei"]
[Black "Shishkin, Vadim"]
[Result "1/2-1/2"]
[WhiteElo "2558"]
[BlackElo "2456"]
[Annotator "TA"]
[PlyCount "76"]
[EventDate "2018.11.12"]
[EventType "swiss"]
[EventCountry "ROU"]
[SourceTitle "playchess.com"]
[Source "ChessBase"]
[SourceQuality "1"]

{[%evp 16,76,29,14,28,29,36,25,27,26,34,34,34,32,23,26,29,30,30,31,32,29,23,23,22,0,28,33,51,0,20,0,0,0,0,0,0,0,0,0,0,0,0,0,0,0,0,0,0,0,0,0,0,0,0,0,0,0,0,-70,-59,-74,-62]} 1. e4 c5 2. Nf3 Nc6 3. d4 cxd4 4. Nxd4 Nf6 5. Nc3 d6 6. Bc4 e6 7. Be3 Be7 8. Bb3 a6 9. Rg1 {LiveBook: 6 Games. B88: Sicilian: Sozin Attack} (9. f4 Qc7 10. O-O Na5 11. g4 h5 12. g5 Ng4 13. Bc1 b5 14. h3 b4 15. Na4 Bb7 16. hxg4 Nxb3 17. cxb3 hxg4 18. Qe2 Rh3 {0-1 (27) Rublevsky,S (2681)-Dubov,D (2660) Khanty-Mansiysk 2016}) 9... Na5 10. g4 d5 $146 ({Predecessor:} 10... Nxb3 11. axb3 d5 12. e5 Nd7 13. f4 g6 14. Qe2 Nb8 15. O-O-O Bd7 {1-0 (27) De Vreugt,D (2437)-Blokhuis,J (2321) Leeuwarden 2001}) 11. exd5 $1 {White is slightly better.} Nxb3 12. Nxb3 Nxd5 13. Nxd5 Qxd5 14. Qxd5 exd5 15. O-O-O Be6 16. f4 g6 17. Bc5 Rc8 18. Bxe7 Kxe7 19. Nd4 Kd6 20. Rd3 h5 21. g5 Rhe8 22. Re1 ({Better is} 22. Rf1 $14) 22... Bd7 23. Rde3 Rxe3 24. Rxe3 $11 {[%mdl 4096] Endgame KRB-KRN} Rf8 25. c3 f6 26. Rg3 fxg5 27. Rxg5 Rxf4 28. Rxg6+ Kc7 29. Rg2 h4 {[%cal Bh5h4,Bh4h3][%mdl 32]} 30. Kd2 h3 31. Re2 Rf1 32. Ke3 Kd6 33. a3 a5 34. Rd2 a4 35. Nc2 Kc5 36. Nb4 Bc6 37. Nd3+ ({White should try} 37. Nc2 $11) 37... Kc4 $1 $15 38. Nf4 Kb3 {Precision: White = 72%, Black = 85%.} 1/2-1/2

[Event "100 years Romania 2018"]
[Site "Alba Iulia"]
[Date "2018.11.18"]
[Round "9"]
[White "Manolache, Marius"]
[Black "Macovei, Andrei"]
[Result "1-0"]
[WhiteElo "2518"]
[BlackElo "2369"]
[Annotator "TA"]
[PlyCount "78"]
[EventDate "2018.11.12"]
[EventType "swiss"]
[EventCountry "ROU"]
[SourceTitle "playchess.com"]
[Source "ChessBase"]
[SourceQuality "1"]

{[%evp 11,78,-21,-15,-23,-26,-55,-31,-38,-35,-31,-8,-20,0,0,0,-27,-39,-47,-22,-22,-5,-20,-13,-12,-14,-15,-15,-51,-8,-30,-14,-27,-32,-46,-32,-50,-18,-16,0,0,0,0,0,-1,0,-24,0,0,0,0,16,7,75,63,115,115,115,108,209,188,591,591,570,529,4810,4810,29985,29986,29992]} 1. d4 Nf6 2. Bg5 d5 3. Bxf6 gxf6 4. e3 c5 5. Nc3 Nc6 6. dxc5 {D01: Veresov Opening} (6. Nf3 Bg4 7. h3 cxd4 8. exd4 Bxf3 9. Qxf3 Nxd4 10. Qg4 Nc6 11. O-O-O e6 12. Bc4 Qd7 13. Bxd5 exd5 14. Nxd5 Qxg4 15. Nxf6+ {½-½ (49) Nakamura,H (2779)-Bu,X (2705) Doha 2016}) 6... e6 $1 {LiveBook: 23 Games} 7. a3 Bxc5 8. Nge2 {Black has an edge.} f5 $146 ({Predecessor:} 8... a6 9. Qd2 Bd7 10. Nd4 Rc8 11. Be2 Bxd4 12. exd4 Qb6 13. O-O-O Ne7 {1-0 (33) Bauer,R (2247)-Zeltwanger,A (2241) Germany 2011}) 9. g3 Bd7 10. Bg2 a6 11. O-O Rc8 12. Nf4 Qf6 13. Qh5 Ne5 14. Rfd1 Bc6 15. Nce2 O-O 16. Nd4 Bd7 17. c3 Nc4 18. Qe2 b5 19. b3 Nd6 20. a4 bxa4 21. bxa4 a5 22. Nh5 Qh6 23. Nf4 Rfe8 24. Nd3 Qf6 25. Nxc5 Rxc5 26. Qa6 Qe7 27. Rdb1 {[%cal Bd1b1,Bb1b7,Bb7a7][%mdl 32]} Bc8 28. Qd3 Nc4 29. Qd1 Bd7 30. Rb7 Nd6 31. Ra7 Rec8 (31... Nc8 $11 {keeps the balance.} 32. Ra6 Nd6) 32. Nb5 $1 $16 Nxb5 (32... Rb8 $14) 33. axb5 Rxb5 {[#]} 34. c4 $1 {[%cal Rc4b5]} Rb2 (34... Rbc5 $16 {might work better.}) 35. cxd5 $18 Rcc2 $2 {[#]} (35... Qe8 {is a better chance.} 36. R7xa5 exd5 37. Bxd5 (37. Qxd5 Rxf2 38. Qd4 Rcc2 $11) 37... Be6) 36. dxe6 $1 Rxf2 37. exf7+ Kxf7 38. Bd5+ Kf8 39. Qd4 {[%cal Rd4h8]} Ke8 {Accuracy: White = 72%, Black = 27%.} 1-0

[Event "100 years Romania 2018"]
[Site "Alba Iulia"]
[Date "2018.11.18"]
[Round "9"]
[White "Tilicheev, Viacheslav"]
[Black "Nester, Ihor"]
[Result "0-1"]
[WhiteElo "2509"]
[BlackElo "2323"]
[Annotator "TA"]
[PlyCount "72"]
[EventDate "2018.11.12"]
[EventType "swiss"]
[EventCountry "ROU"]
[SourceTitle "playchess.com"]
[Source "ChessBase"]
[SourceQuality "1"]

{[%evp 37,72,25,37,39,47,24,25,24,26,0,11,0,0,0,0,0,9,0,0,-11,0,0,-5,-15,0,-20,-20,-20,-20,-340,-371,-385,-372,-431,-435,-829,-818]} 1. e4 e5 2. Nf3 Nc6 3. Bb5 {[%cal Bf1b5,Bb5a4,Ba4b3][%mdl 32]} a6 4. Ba4 Nf6 5. O-O Be7 6. Re1 b5 7. Bb3 d6 8. c3 O-O 9. h3 Nb8 10. d4 Nbd7 11. Nbd2 Bb7 12. Bc2 Re8 13. Nf1 Bf8 14. Ng3 g6 15. a4 c5 16. d5 c4 17. Bg5 Be7 {C95: Closed Ruy Lopez: Breyer Variation with 10 d4} 18. Be3 Qc7 19. Nh2 Nc5 {LiveBook: 3 Games. White has an edge.} 20. Rf1 Bf8 21. Qd2 h5 $1 {[%cal Rh5h4] White must now prevent ...h4.} 22. Nf3 Nfd7 23. Bh6 (23. Rfe1 {with more complications.} Bg7 24. Qe2 Bf6 25. Ng5 Bg7 26. Ra3) 23... Qd8 {[#]} 24. Bxf8 $146 (24. Bg5 {seems wilder.} Be7 25. Be3 Bf6 26. Ra3 Nb6 27. Bxc5 dxc5 28. Rfa1) ({Predecessor:} 24. Bg5 Be7 25. Be3 Bf6 26. Ng5 Qe7 27. Rae1 Rf8 28. Kh1 bxa4 {0-1 (53) Azarov,S (2648)-Navara,D (2705) Czechia 2012}) 24... Rxf8 25. axb5 axb5 26. Rxa8 Bxa8 27. Ra1 Bb7 28. Ne2 Kg7 29. Ra3 Qf6 30. Ra5 Ba6 31. Qc1 Ra8 32. Qa1 Qd8 {And now ...Na4! would win.} 33. Nc1 $2 {[%mdl 8192] [#]} (33. Ra3 $11 {and White stays safe.}) 33... Na4 $1 $19 {[%mdl 512]} 34. Rxa4 ({Much weaker is} 34. b4 cxb3 35. Nxb3 Ndc5 $19) (34. Bxa4 Qxa5) 34... bxa4 35. Qa3 Nc5 36. Nxe5 (36. Na2 $142 Qf6 37. Nb4) 36... Qg5 {[%mdl 64] Double Attack. Accuracy: White = 33%, Black = 78%.} 0-1

[Event "100 years Romania 2018"]
[Site "Alba Iulia"]
[Date "2018.11.18"]
[Round "9"]
[White "Omelja, Artem"]
[Black "Ileana, George"]
[Result "1/2-1/2"]
[WhiteElo "2453"]
[BlackElo "2318"]
[Annotator "TA"]
[PlyCount "154"]
[EventDate "2018.11.12"]
[EventType "swiss"]
[EventCountry "ROU"]
[SourceTitle "playchess.com"]
[Source "ChessBase"]
[SourceQuality "1"]

{[%evp 16,154,10,0,31,28,34,21,23,17,38,35,25,22,35,0,13,0,0,-7,13,12,34,13,9,0,39,30,80,31,39,30,26,22,57,12,22,16,19,16,36,31,34,18,26,6,22,0,0,0,0,0,0,0,0,-13,0,0,0,0,0,0,57,0,37,48,126,116,117,80,169,160,165,159,160,152,247,243,241,244,273,240,240,240,240,240,251,61,61,61,61,61,68,43,61,43,43,43,43,0,43,0,43,43,59,36,44,33,34,34,59,59,59,59,59,59,59,59,59,59,59,0,0,0,0,0,0,0,0,0,0,0,0,0,0,0,0,0,0,0,0]} 1. d4 d5 2. c4 c6 3. Nf3 Nf6 4. Nc3 a6 5. c5 Nbd7 6. Bf4 Nh5 7. Bd2 Nhf6 8. Bf4 (8. Qc2 g6 9. g3 Bg7 10. Bg2 O-O 11. O-O b6 12. cxb6 Nxb6 13. Ne5 Bf5 14. e4 dxe4 15. Nxc6 {½-½ (35) Postny,E (2621)-Malakhov,V (2666) Biograd 2018}) 8... Nh5 9. Bd2 Nhf6 {D15: Slav Defence: 4 Nc3 a6 and gambit lines after 4 Nc3 dxc4} 10. Rc1 g6 11. g3 Bg7 12. Bg2 O-O 13. O-O Ne4 14. Bf4 Nxc3 15. Rxc3 Nf6 16. Qb3 $146 ({Predecessor:} 16. Qc1 Ne4 17. Rb3 {1-0 (40) Motuz,K (2312)-Dovzik,J (2330) Slovakia 2013}) 16... Ne4 17. Rcc1 h6 18. Ne5 Ng5 19. Bd2 Kh7 20. h4 Ne6 21. Qd3 Qc7 22. Nf3 (22. f4 {is more complex.} Bxe5 23. fxe5 Ng7 24. e4 Be6 25. exd5 Bxd5 26. Bxd5 cxd5 27. h5) 22... Kg8 23. e4 dxe4 24. Qxe4 Rd8 {[%cal Re6d4]} 25. Bc3 Nf8 26. Rfe1 Be6 27. a3 Nd7 28. Qc2 {Rxe6! is the strong threat.} Nf8 29. Qa4 a5 30. Ne5 Bd5 31. Bxd5 Rxd5 32. b4 {[%cal Rb4a5]} Bxe5 33. Rxe5 Rxe5 34. dxe5 {[%cal Rb4a5]} Ne6 35. bxa5 Nxc5 36. Qc4 $36 {[%mdl 2048] White fights for an advantage.} Ne6 37. a4 Qd7 38. Rb1 Nd8 (38... Rd8 $11) 39. Qc5 (39. Qb4 $14) 39... Kf8 40. Qe3 Ne6 ({Black should play} 40... g5 $14) 41. Qxh6+ $16 Kg8 42. Qe3 c5 (42... Rd8 $16) 43. Qe4 $18 Ra7 44. Kg2 Nd4 45. Rb6 Nc6 (45... Ne6 $16 46. Rb2 Nd4) 46. Rb5 e6 47. Rxc5 Qd8 48. Rb5 Nxa5 49. Bxa5 Rxa5 50. Rxb7 Rxa4 51. Qxa4 $2 ({White has to play} 51. Qf3 $18 Qe8 52. Kh3) 51... Qd5+ $14 52. Kh2 {[#] Qe8+ would kill now.} Qxb7 {[%mdl 4096] Endgame KQ-KQ} 53. Qf4 Qd5 54. Kh3 Qd1 55. f3 Qd8 56. Kg4 Kg7 57. Kh3 Kg8 58. Kg4 Kg7 59. Qe3 Qd5 60. Qe4 {[#] aiming for Qxd5.} Qd7 61. h5 gxh5+ 62. Kxh5 Qd2 63. Qg4+ Kf8 64. Qh4 Qd3 {[%csl Gf7][%cal Rd3g6]} 65. Qf6 Kg8 $1 66. Kh6 {[%csl Gh6][%cal Rf6g7]} Qh7+ $1 67. Kg5 Qd3 68. g4 ({Better is} 68. Kh5 $14) 68... Qd2+ $11 {The position is equal.} 69. Qf4 (69. Kh4 {seems wilder.} Qh2+ 70. Kg5 Qd2+) 69... Qd3 70. Qf6 Qd2+ 71. f4 Qd3 72. Qh6 Qd2 73. Qh4 Qd3 {[%csl Gf7][%cal Rd3g6]} 74. f5 Qd2+ 75. Kh5 Kh7 {[%csl Gh7][%cal Rd2h6]} 76. Qf6 Qh2+ 77. Kg5 Qd2+ {Accuracy: White = 53%, Black = 57%.} 1/2-1/2

[Event "100 years Romania 2018"]
[Site "Alba Iulia"]
[Date "2018.11.18"]
[Round "9"]
[White "Sieciechowicz, Marcin"]
[Black "Harutjunyan, Gevorg"]
[Result "1/2-1/2"]
[WhiteElo "2432"]
[BlackElo "2470"]
[Annotator "TA"]
[PlyCount "77"]
[EventDate "2018.11.12"]
[EventType "swiss"]
[EventCountry "ROU"]
[SourceTitle "playchess.com"]
[Source "ChessBase"]
[SourceQuality "1"]

{[%evp 9,77,18,26,33,41,41,27,23,39,39,69,43,58,18,53,68,72,70,75,50,63,59,54,54,58,41,43,32,39,18,37,15,58,17,22,0,0,0,0,0,69,67,84,87,149,152,150,155,150,150,157,138,142,116,116,114,113,110,111,102,110,103,118,75,77,70,62,59,69,54]} 1. d4 d5 2. Nf3 Nc6 3. c3 Nf6 4. Bf4 g6 5. e3 (5. h3 Bf5 6. e3 a6 7. Nbd2 Bg7 8. Be2 O-O 9. O-O Ne4 10. Nh4 Nxd2 11. Qxd2 Be4 {0-1 (35) Berdichevski,I (2555)-Bareev,E (2701) Internet 2006}) 5... Bg7 6. h3 {D02: 1 d4 d5 2 Nf3 sidelines, including 2...Nf6 3 g3 and 2...Nf6 3 Bf4} O-O 7. Nbd2 b6 8. Be2 {White has an edge.} Bb7 9. O-O e6 $146 ({Predecessor:} 9... Qd7 10. b4 h6 11. a4 g5 12. Bh2 Nh7 13. b5 Na5 {0-1 (38) Abuladze,N-Vu,M Batumi 2016}) 10. Rc1 Ne7 {[%cal Bc6e7,Be7f5,Bf5d6,Bd6e4][%mdl 32]} 11. Bh2 Rc8 12. b4 a6 13. a4 Nf5 14. Ne5 Qe7 15. Qb3 Nd7 16. Nxd7 Qxd7 17. Nf3 Nd6 18. Ne5 Qe8 19. b5 axb5 20. axb5 Ne4 21. Qb4 f6 {[#]} 22. Nc6 $1 $36 {[%mdl 2560] Threatens to win with Ne7+. White has the initiative.} Rf7 (22... Bxc6 23. bxc6) 23. c4 Bf8 24. Qb2 Ra8 (24... Bxc6 $11 25. bxc6 Ra8) 25. cxd5 $14 exd5 {[#] Threatening ...Ba3.} 26. Rc2 $1 Ra3 (26... Qe6 $142) 27. Ra1 $16 Rxa1+ 28. Qxa1 Bd6 29. Bxd6 Nxd6 30. Qa2 Bc8 31. Qxd5 Be6 32. Qf3 Bf5 33. Rc1 Be4 34. Qf4 g5 35. Qg3 Rg7 36. Qg4 f5 37. Qh5 Qxh5 38. Bxh5 Nxb5 39. Ne5 {Accuracy: White = 69%, Black = 65%.} 1/2-1/2

[Event "100 years Romania 2018"]
[Site "Alba Iulia"]
[Date "2018.11.18"]
[Round "9"]
[White "Secheres, Adrian-Simion"]
[Black "Samolins, Vitalijs"]
[Result "1-0"]
[WhiteElo "2388"]
[BlackElo "2436"]
[Annotator "TA"]
[PlyCount "93"]
[EventDate "2018.11.12"]
[EventType "swiss"]
[EventCountry "ROU"]
[SourceTitle "playchess.com"]
[Source "ChessBase"]
[SourceQuality "1"]

{[%evp 21,93,6,12,-35,-45,-52,-45,-40,-45,-58,0,0,1,0,20,20,22,22,91,88,119,81,95,83,189,118,120,123,137,117,101,60,68,71,175,172,339,348,302,305,298,297,269,8,75,46,245,239,233,227,402,391,460,446,538,530,472,243,29962,29963,29971,1494,393,0,29972,934,29967,29971,29982,29983,29982,29983,29987,29988]} 1. d4 Nf6 2. c4 e6 3. Nc3 Bb4 4. Qc2 d5 5. cxd5 exd5 6. Bg5 h6 7. Bh4 c5 8. dxc5 g5 9. Bg3 Ne4 10. e3 {E35: Nimzo-Indian: Classical: 4...d5 5 cxd5 exd5} Qa5 11. Rc1 (11. Nge2 Bf5 12. Bxb8 Rxb8 13. Nd4 Bd7 14. Nb3 Bxc3+ 15. bxc3 Qxc3+ 16. Qxc3 Nxc3 17. Bd3 Ke7 {½-½ (37) Duda,J (2739)-Karjakin,S (2760) Batumi 2018}) 11... Qxa2 {LiveBook: 16 Games} (11... Bxc5 $6 12. a3 $16) 12. Bxb8 {The position is equal.} (12. Bb5+ {looks sharper.} Bd7 13. Bxd7+ Nxd7 14. Nge2 Nxc3 15. Nxc3 Qc4 16. Bd6) 12... Bxc3+ $1 (12... Rxb8 $6 13. Bb5+ Ke7 14. Nge2 $14) 13. bxc3 Qxc2 14. Rxc2 {Hoping for Be5.} Rxb8 15. c4 Nxc5 $146 ({Black should play} 15... Bf5 $1 $15) ({Predecessor:} 15... dxc4 16. Rxc4 Nf6 17. Nf3 Be6 {0-1 (43) Borzov,D (2133)-Ashwin,J (2472) Varna 2013}) 16. cxd5 $11 b6 17. f3 Bb7 18. Bc4 O-O 19. Ne2 Rfd8 (19... Rbd8 $11 {keeps the balance.}) 20. e4 $16 Rbc8 21. O-O a6 22. Rfc1 f5 {[#]} (22... h5 $16 {was worth a try.}) 23. Ng3 (23. exf5 $6 b5 $14) (23. d6+ $1 $18 Kh7 24. e5 (24. exf5 Rxd6 25. Ng3 Re8 $11)) 23... fxe4 24. fxe4 Re8 25. Nf5 {Black must now prevent Nd6.} Rcd8 26. Nxh6+ Kg7 27. Nf5+ Kg8 (27... Kh8 $16) 28. Rb2 $18 Nxe4 $2 (28... b5) 29. d6+ $1 ({Not} 29. Rxb6 Bxd5 30. Bd3 (30. Bxa6 Re6 $16) 30... Re5 $16) 29... Kh8 30. Rxb6 Bc8 31. d7 Rxd7 {[#]} 32. Re6 $2 ({Resist} 32. Bxa6 $6 Bxa6 33. Rxa6 Kg8 $16) (32. Bb3 $1 $18) 32... Red8 (32... Rd1+ $1 $11 33. Rxd1 Bxe6 34. Bxe6 Rxe6) 33. Re1 Rh7 $2 (33... Rf7 $14) 34. R1xe4 {White threatens Re8+ and mate.} Bxe6 35. Rxe6 ({Don't do} 35. Bxe6 $6 Rd1+ 36. Kf2 Rxh2) 35... Rd1+ $2 (35... a5 {was called for.} 36. h3 Rf8) 36. Kf2 {[%cal Re6e8]} Rxh2 37. Kg3 Rhh1 38. Rxa6 Rc1 39. Bd5 (39. Ra8+ $142 Kh7 40. Bg8+ Kg6 41. Kg4) 39... Rcf1 $2 (39... Ra1 $18) 40. Kg4 Kh7 41. Ra7+ (41. Rd6 $142 Rxf5 42. Kxf5 Kg7 43. Kxg5 Kf8 44. g4 Ra1 45. Kg6 Ke7 46. Re6+ Kd7 47. Re5) 41... Kg6 42. Ra6+ $2 (42. g3 $18) 42... Kh7 43. Bf3 (43. Rd6 $142 Rb1 44. Kxg5 Rb8 45. Rd7+ Kh8 46. Ne7 Rb6 47. Rd8+ Kh7 48. Be4+ Kg7 49. Nf5+ Kf7 50. Bd5+ Re6 51. Rd7+ Ke8 52. Bxe6) 43... Ra1 44. Rd6 {White mates.} Rac1 45. Kxg5 Rc7 46. Be4 Ra7 47. Ng3+ {Precision: White = 51%, Black = 25%.} 1-0

[Event "100 years Romania 2018"]
[Site "Alba Iulia"]
[Date "2018.11.18"]
[Round "9"]
[White "Soltanici, Ruslan"]
[Black "Levin, Evgeny A."]
[Result "1/2-1/2"]
[WhiteElo "2387"]
[BlackElo "2523"]
[Annotator "TA"]
[PlyCount "19"]
[EventDate "2018.11.12"]
[EventType "swiss"]
[EventCountry "ROU"]
[SourceTitle "playchess.com"]
[Source "ChessBase"]
[SourceQuality "1"]

{[%evp 14,19,47,26,59,68,67,60]} 1. e4 d6 2. d4 Nf6 3. Nc3 g6 4. Nf3 Bg7 5. Be2 O-O 6. O-O e6 7. Bf4 Nc6 8. Qd2 {LiveBook: 4 Games. B08: Pirc Defence: Classical System} b6 9. Rad1 Bb7 10. Bg5 $146 ({Predecessor:} 10. Bh6 e5 11. Bxg7 Kxg7 12. dxe5 Nxe5 13. Nxe5 dxe5 14. Qg5 Qe7 15. Rd3 h6 {0-1 (44) Houska,J (2390)-Rowson,J (2547) West Bromwich 2004}) 1/2-1/2